| 000 | 00545cam a2200193ua 4500 | ||
|---|---|---|---|
| 001 | 20744 | ||
| 008 | 160112n2000 II |||gr||||Z||||||eng | ||
| 040 | _aMAIN | ||
| 041 | _aEnglish | ||
| 082 | _a579 KAU | ||
| 100 | _aKAUSHIK, PUSHOTAM. | ||
| 245 | _aMICROBIOLOGY (Questions and Answers) | ||
| 250 | _a3RD. | ||
| 260 |
_aNEW DELHI _bS.CHAND & COMPANY _c2000 |
||
| 300 |
_a276.: _c20CM. |
||
| 500 | _aMRP - MINOR RESEARCH PROJECT BOOK by Prof Nibedita Baruah, Botany,SGC 08-01-2015 | ||
| 653 | _aMicroorganisms, fungi & algae | ||
| 942 | _cBK | ||
| 999 |
_c20604 _d20604 |
||